ខ្ញុំចង់ដឹងជីវិតរបស់... ដាវិន / (Record no. 3631)
[ view plain ]
| 000 -LEADER | |
|---|---|
| fixed length control field | 01795nam a22002897a 4500 |
| 001 - CONTROL NUMBER | |
| control field | 3631 |
| 003 - CONTROL NUMBER IDENTIFIER | |
| control field | FISKH |
| 005 - DATE AND TIME OF LATEST TRANSACTION | |
| control field | 20240401104924.0 |
| 008 - FIXED-LENGTH DATA ELEMENTS--GENERAL INFORMATION | |
| fixed length control field | 240401b cb ||||| |||| 00| 0 eng d |
| 020 ## - INTERNATIONAL STANDARD BOOK NUMBER | |
| International Standard Book Number | 9789995054786 |
| 040 ## - CATALOGING SOURCE | |
| Original cataloging agency | FISKH |
| Language of cataloging | khr |
| Transcribing agency | FISKH |
| Modifying agency | FISKH |
| 050 ## - LIBRARY OF CONGRESS CALL NUMBER | |
| Classification number | PZ7 |
| 082 ## - DEWEY DECIMAL CLASSIFICATION NUMBER | |
| Classification number | 920 |
| 100 ## - MAIN ENTRY--PERSONAL NAME | |
| Personal name | Labbé, Brigitte. |
| 245 ## - TITLE STATEMENT | |
| Title | ខ្ញុំចង់ដឹងជីវិតរបស់... ដាវិន / |
| Statement of responsibility, etc. | និពន្ធដោយ Brigitte Labbé និង Michel Puech រូបភាពដោយ Jean-Pierre Joblin. |
| 260 ## - PUBLICATION, DISTRIBUTION, ETC. | |
| Place of publication, distribution, etc. | Phnom Penh : |
| Name of publisher, distributor, etc. | Sipar, |
| Date of publication, distribution, etc. | 2010. |
| 300 ## - PHYSICAL DESCRIPTION | |
| Extent | 40 pages : |
| Other physical details | color illustrations ; |
| Dimensions | 20 cm |
| 500 ## - GENERAL NOTE | |
| General note | ច្បាប់ដើមបានត្រូវបោះពុម្ពផ្សាយក្រោមចំណងជើងថា Darwin c 2009 Édition Milan |
| 520 ## - SUMMARY, ETC. | |
| Summary, etc. | នៅអាយុ ២២ឆ្នាំ ឆាល ដាវិនចុះសំពៅ ដើម្បីធ្វើដំណើរតាមសមុទ្ររយៈពេល៥ឆ្នាំ។ គឺជាដំណើរជុំវិញផែនដី ដែលអាចឳ្យគាត់រកឃើញអ្វិដែលធ្វើឳ្យកែប្រែជំនឿរបស់មនុស្សលើជីវិត និងលើកំណើតរបស់មនុស្ស។ |
| 520 ## - SUMMARY, ETC. | |
| Summary, etc. | At the age of 22, Charles Darwin embarked on a five-year voyage. It was a journey around the earth that allowed him to discover what changed people's beliefs about life and birth. |
| 650 ## - SUBJECT ADDED ENTRY--TOPICAL TERM | |
| Topical term or geographic name entry element | ដំណើរជុំវិញពិភពលោក |
| 650 ## - SUBJECT ADDED ENTRY--TOPICAL TERM | |
| Topical term or geographic name entry element | The journey around the world |
| 700 ## - ADDED ENTRY--PERSONAL NAME | |
| Personal name | Puech, Michel |
| Relator term | Author |
| 700 ## - ADDED ENTRY--PERSONAL NAME | |
| Personal name | Joblin, Jean-Pierre |
| Relator term | illustrator |
| 942 ## - ADDED ENTRY ELEMENTS (KOHA) | |
| Source of classification or shelving scheme | Dewey Decimal Classification |
| Koha item type | Khmer Books |
| Suppress in OPAC | No |
| Withdrawn status | Lost status | Source of classification or shelving scheme | Damaged status | Not for loan | Collection | Home library | Current library | Shelving location | Date acquired | Total Checkouts | Full call number | Barcode | Date last seen | Copy number | Price effective from | Koha item type |
|---|---|---|---|---|---|---|---|---|---|---|---|---|---|---|---|---|
| Dewey Decimal Classification | Khmer Non-Fiction / សៀវភៅខ្មែរ រឿងពិត | Footprints International School Library Network Toul Kork Campus | Footprints International School Library Network Toul Kork Campus | TK Old Khmer Books (Rear Hallway Shelf 3) | 04/01/2024 | LAB 920 PZ7 | FISTK03749 | 04/01/2024 | 1 | 04/01/2024 | Khmer Books | |||||
| Dewey Decimal Classification | Khmer Non-Fiction / សៀវភៅខ្មែរ រឿងពិត | Footprints International School Library Network Toul Kork Campus | Footprints International School Library Network Toul Kork Campus | TK Old Khmer Books (Rear Hallway Shelf 3) | 04/01/2024 | LAB 920 PZ7 | FISTK03748 | 04/01/2024 | 2 | 04/01/2024 | Khmer Books | |||||
| Dewey Decimal Classification | Khmer Non-Fiction / សៀវភៅខ្មែរ រឿងពិត | Footprints International School Library Network Toul Kork Campus | Footprints International School Library Network Toul Kork Campus | TK Old Khmer Books (Rear Hallway Shelf 3) | 06/04/2024 | LAB 920 PZ7 | FISTK03747 | 06/04/2024 | 3 | 06/04/2024 | Khmer Books | |||||
| Dewey Decimal Classification | Khmer Non-Fiction / សៀវភៅខ្មែរ រឿងពិត | Footprints International School Library Network Toul Tom Poung Campus | Footprints International School Library Network Toul Tom Poung Campus | TTP Secondary Khmer Bookshelves | 04/02/2025 | LAB 920 PZ7 | FIS03917 | 04/02/2025 | 4 | 04/02/2025 | Khmer Books |
